Ερμηνεύοντας την εξέλιξη της κοινής μεταναστευτικής πολιτικής της Ευρωπαϊκής 'Ενωσης : νομοθετική, θεσμική, επιχειρησιακή εξέλιξη ; δρώντες, δομές και διάδραση

Αποθηκεύτηκε σε:
Λεπτομέρειες βιβλιογραφικής εγγραφής
Κύριος συγγραφέας: Σαμπατάκου, Ελένη-Ανδριανή
Μορφή: Βιβλίο
Γλώσσα:Greek
Δημοσίευση: Αθήνα : Παπαζήσης, 2010.
Σειρά:Σειρά ειδικών μελετών της μετανάστευσης και διασποράς (Παπαζήσης) ; 5
Θέματα:
Ετικέτες: Προσθήκη ετικέτας
Δεν υπάρχουν, Καταχωρήστε ετικέτα πρώτοι!

MARC

LEADER 00000cam a2200000 i 4500
001 1/14035
008 110630s2010 gr | ||| |||| ||gre||
020 |a 9789600224375 
035 |l 10110423 
040 |a GR-MY-UA  |b gre  |e aacr 
041 0 |a gre 
082 7 |a 325.4   |2 (22) 
100 1 |a Σαμπατάκου, Ελένη-Ανδριανή. 
245 1 0 |a Ερμηνεύοντας την εξέλιξη της κοινής μεταναστευτικής πολιτικής της Ευρωπαϊκής 'Ενωσης :   |b νομοθετική, θεσμική, επιχειρησιακή εξέλιξη ; δρώντες, δομές και διάδραση /   |c Ελένη-Ανδριανή Σαμπατάκου.  
260 |a Αθήνα :   |b Παπαζήσης,   |c 2010.  
300 |a 769 σ. ;   |c 21 εκ. 
490 1 |a (Σειρά ειδικών μελετών της μετανάστευσης και διασποράς / Παπαζήσης ;   |v  5) 
504 |a Περιέχει βιβλιογραφία: σ. [656]-769.  
650 0 0 |a Emigration and immigration law  |z European Union countries. 
651 0 |a European Union countries  |x Emigration and immigration  |x Government policy. 
830 0 |a Σειρά ειδικών μελετών της μετανάστευσης και διασποράς (Παπαζήσης)  |v  ; 5 
852 |a INST  |b RHODES  |e 20110630  |h 325.4 ΣΑΜ  |p 005400033104  |q 005400033104  |t BK  |y 0 
901 |a BIBL4-2011-2 
909 |a Ρ  |b 163787 
922 |a 4ΕΛΗ 
970 |z 2011/05/